000 01151cam a2200337 a 4500
001 2805129
003 SISC
005 20160307105925.0
008 820504s1982 enk b 000 0 eng
010 _a 82007987
020 _a0416476805 :
_c$30.00
020 _a0416177905 (pbk.) :
_c$4.95
040 _aDLC
_cDLC
_dDLC
050 0 0 _aPR 2836.A2
_b.T845 1982
082 0 0 _aHS 822.33VI
_bSh1 1982
100 1 _aShakespeare, William
_d1564-1616.
_912871
245 1 0 _aTroilus and Cressida /
_cWilliam Shakespeare.
260 _aAustralia :
_bThomas Nelson and Sons,
_cc1982.
300 _a337 p. :
_c23 cm.
490 1 _aThe Arden edition of the works of William Shakespeare
650 0 _aTroilus (Legendary character)
_xDrama.
_912872
650 0 _aCressida (Fictitious character)
_xDrama.
_912873
650 0 _aTrojan War
_xDrama.
_912874
651 0 _aTroy (Extinct city)
_xDrama.
_912875
655 7 _aTragicomedy.
_2lcsh
_912708
700 1 _aPalmer, Kenneth,
_cM.A.
_912876
800 1 _aShakespeare, William,
_d1564-1616.
_tWorks.
_f1954.
_912877
906 _a7
_bcbc
_corignew
_d1
_eocip
_f19
_gy-gencatlg
942 _2lcc
_cBK
999 _c9225
_d9225